000 00759cam a2200229 a 4500
001 969539
005 20180208053515.0
008 850412s1986 nyua b 001 0 eng c
010 _a 85009685
020 _a0231047428 (alk. paper)
040 _aDNLM/DLC
_cDLC
_dDLC
041 _aeng
060 _aWB 310 P144
080 _a616.029 GOL
082 0 0 _a616.029 GOL
_219
100 _a5
101 _aFAR
245 0 0 _aPain, anxiety, and grief :
_cIvan K. Goldberg, Austin H. Kutscher, and Sidney Malitz, editors ; with the assistance of Lilliam G. Kutscher.
504 _aIncludes bibliographies and index.
906 _a7
_bcbc
_corignew
_d1
_eocip
_f19
_gy-gencatlg
942 _2ddc
_cBK
999 _c42130
_d42130